000 00958nam a2200265Ia 4500
003 OSt
005 20220923211106.0
006 a|||||r|||| 00| 0
007 ta
008 220922b |||||||| |||| 00| 0 san d
020 _a8179430782
_c1000
024 _a258,063
037 _b430, 08/02/2012, Eastern Book Linkers
_cTextual
040 _aARTS
_cARTS
_bsan
041 _2san
_asan
082 _aO15,1:g, 152L4;P7
100 _aचौधरी, सत्यदेव
_9156279
245 0 _aभारतीय काव्यशास्त्र
246 _aBhāratīya kāvyashāstra
260 _aनई दिल्ली
_b अलंकार प्रकाशन
_c2007
300 _a767पृ0
_ccm.
650 _aसंस्कृत साहित्य
_9158119
942 _hO15,1:g, 152L4;P7
_cTEXL
_2CC
999 _c295113
_d295113